000 00733cab a2200229 4500
001 X86341
008 090401t1997 xxu||||| |||| 00| 0 eng d
035 _a(Sirsi) u80755
041 _aeng
245 _aSatnam Investments Limited v Dunlop Heywood & Co Limited, Thomas Murrary & Morbaine Limited
260 _c1997
350 _a0
490 _aNew Property Cases
_v1997 NPC 131
520 _aChD 25 July 1997. An unusual example of a remedial constructive trust arises to put right a breach of fiduciary duty.
650 _aPROPERTY COMPANY
650 _aRECEIVERS
650 _aREMEDIAL CONSTRUCTIVE TRUST
650 _aSURVEYORS
690 _aPROPERTY LAW AND PRACTICE-CASE LAW
942 _n0
948 _c10/09/1997
999 _c50848
_d50848